La prevencin̤ de riesgos laborales en el ejřcito de tierra

Detalles Bibliográficos
Autor principal: Garcš Bonet, Eugenio
Formato: eBook
Lenguaje:español
Publicado: Barcelona: J.M. Bosch Editor, 2017
Materias:
Acceso en línea:Acceso restringido

MARC

LEADER 00000nam a22000007a 4500
005 20190328121721.0
007 cr|||| |||
008 190328s2017 es |||||s|||| 00||0 spa d
020 |a 978-84-946829-7-1 
035 |a 23214 
040 |a vLex 
090 |c 8516  |d 8516 
100 1 |a Garcš Bonet, Eugenio 
245 1 2 |a La prevencin̤ de riesgos laborales en el ejřcito de tierra  |h [Recurso electrn̤ico] /  |c Eugenio Garcš Bonet 
256 |a Servicio en ln̕ea 
260 |a Barcelona:  |b J.M. Bosch Editor,  |c 2017 
300 |a 1 recurso electrn̤ico 
506 1 |a Disponible solo en los productos indicados  |d vLex Global  |d vLex Global (Academic Edition, excluding Law Schools)  |d vLex Global (U.S. Academic Edition, Law Schools)  |d vLex Global (U.S. Academic Edition, excluding Law Schools)  |d vLex Global (Academic Edition, Law Schools) 
650 0 4 |a Prevencin̤ de Riesgos Laborales  |z Espaą 
740 0 |a vLex Libros (Servicio en ln̕ea) 
856 4 0 |u http://vlex.com/source/prevencion-riesgos-laborales-ejercito-tierra-23214  |z Acceso restringido 
942 |c BOOK 
999 0 |a Prevention of occupational hazards